| 000 | 004990000a22001570004500 | ||
|---|---|---|---|
| 003 | MACL | ||
| 005 | 20180119171155.0 | ||
| 008 | 180119b xxu||||| |||| 00| 0 eng d | ||
| 040 | _cmacl | ||
| 100 |
_aजाेशी ,सपा. ज्याेतिस _970137 |
||
| 245 | _aप्रतीक -आत्मक 1 | ||
| 260 |
_aदिल्ली _bविजय बुक्स _c2011 |
||
| 350 | _a695 | ||
| 650 |
_aसाहित्य _970138 |
||
| 942 |
_cHIN _k800/JOS _2ddc |
||
| 999 |
_c47928 _d47928 |
||